| 000 | 01415nam0a22002891 4500 | ||
|---|---|---|---|
| 001 | rc\4359303 | ||
| 005 | 20260407104902.0 | ||
| 021 |
_aRU _bРг1072-61 |
||
| 035 | _a(NLR Aleph) 008282126 | ||
| 090 |
_a8523028 _c8523028 |
||
| 100 | _a20130416d1960 |||y0rusy50 ca | ||
| 101 | 0 | _arus | |
| 102 | _aRU | ||
| 105 | _ay z ||||| | ||
| 200 | 1 |
_aГеография в современном мире _e(По материалам XIX Междунар. геогр. конгресса) _fВсесоюз. о-во по распространению полит. и науч. знаний. Науч.-метод. совет по пропаганде геогр. и геол. знаний |
|
| 210 |
_aМосква _cЗнание _d1960 |
||
| 215 |
_a25 л. _d29 |
||
| 225 | 1 | _aВ помощь лектору | |
| 300 | _aОтпеч. множит. аппаратом на одной стороне листа | ||
| 300 | _aПеред загл. авт.: акад. И.П. Герасимов | ||
| 700 | 1 |
_4570 _7ca _8rus _aГерасимов _bИ. П. _cд-р геогр. наук _f1905-1985 _gИннокентий Петрович _9257249 _3RU\NLR\AUTH\770257305 |
|
| 712 | 1 | 2 |
_aМеждународный географический конгресс _d19 _eСтокгольм _f1960 _9622363 _3RU\NLR\AUTH\8810060500 |
| 801 | 0 |
_aRU _bNLR _gpsbo |
|
| 801 | 1 |
_aRU _bELAR _2rusmarc |
|
| 852 |
_aNLR _j61-8/180 |
||
| 942 | _cBOOK | ||
| 980 | _aNB | ||